<?xml version="1.0" encoding="UTF-8"?>
<record
    xmlns:xsi="http://www.w3.org/2001/XMLSchema-instance"
    xsi:schemaLocation="http://www.loc.gov/MARC21/slim http://www.loc.gov/standards/marcxml/schema/MARC21slim.xsd"
    xmlns="http://www.loc.gov/MARC21/slim">

  <leader>02736nam a2200613 a 4500</leader>
  <controlfield tag="005">20240430111856.0</controlfield>
  <controlfield tag="008">100317s1997||||sp d   f |||| 001 0 spa d</controlfield>
  <datafield tag="020" ind1=" " ind2=" ">
    <subfield code="a">9879649702</subfield>
  </datafield>
  <datafield tag="041" ind1=" " ind2=" ">
    <subfield code="a">spa</subfield>
  </datafield>
  <datafield tag="092" ind1=" " ind2=" ">
    <subfield code="c">616.075</subfield>
    <subfield code="l">4</subfield>
    <subfield code="s">ASO</subfield>
  </datafield>
  <datafield tag="100" ind1="1" ind2=" ">
    <subfield code="a">Asociaci&#xF3;n Argentina de Hemoterapia e Inmunohematolog&#xED;a</subfield>
    <subfield code="9">2916</subfield>
  </datafield>
  <datafield tag="245" ind1=" " ind2=" ">
    <subfield code="a">Manual t&#xE9;cnico / </subfield>
    <subfield code="c">Asociaci&#xF3;n Argentina de Hemoterapia e Inmunohematolog&#xED;a</subfield>
  </datafield>
  <datafield tag="250" ind1=" " ind2=" ">
    <subfield code="a">12a ed.</subfield>
    <subfield code="b">Traducci&#xF3;n: Alejandro Kaufman y Diana Silvia Klajn</subfield>
  </datafield>
  <datafield tag="260" ind1=" " ind2=" ">
    <subfield code="a">Buenos Aires: </subfield>
    <subfield code="b">AAHI;</subfield>
    <subfield code="c">1997.</subfield>
  </datafield>
  <datafield tag="300" ind1=" " ind2=" ">
    <subfield code="a">695 p.</subfield>
  </datafield>
  <datafield tag="500" ind1=" " ind2=" ">
    <subfield code="a">Asociaci&#xF3;n Argentina de Hemoterapia e Inmunohematolog&#xED;a. (1997). Manual T&#xE9;cnico. (12a ed.). Buenos Aires : AAHI.</subfield>
  </datafield>
  <datafield tag="653" ind1=" " ind2=" ">
    <subfield code="a">Garant&#xED;a de calidad</subfield>
  </datafield>
  <datafield tag="653" ind1=" " ind2=" ">
    <subfield code="a">Seguridad</subfield>
  </datafield>
  <datafield tag="653" ind1=" " ind2=" ">
    <subfield code="a">Administraci&#xF3;n de la utilizaci&#xF3;n de la sangre</subfield>
  </datafield>
  <datafield tag="653" ind1=" " ind2=" ">
    <subfield code="a">Selecci&#xF3;n de donantes y extracci&#xF3;n de sangre</subfield>
  </datafield>
  <datafield tag="653" ind1=" " ind2=" ">
    <subfield code="a">Extracci&#xF3;n y transfusi&#xF3;n de sangre aut&#xF3;loga</subfield>
  </datafield>
  <datafield tag="653" ind1=" " ind2=" ">
    <subfield code="a">Hemaf&#xE9;resis</subfield>
  </datafield>
  <datafield tag="653" ind1=" " ind2=" ">
    <subfield code="a">Sangre y componentes</subfield>
  </datafield>
  <datafield tag="653" ind1=" " ind2=" ">
    <subfield code="a">Biolog&#xED;a molecular en medicina transfusional</subfield>
  </datafield>
  <datafield tag="653" ind1=" " ind2=" ">
    <subfield code="a">Gen&#xE9;tica de los grupos sangu&#xED;neos</subfield>
  </datafield>
  <datafield tag="653" ind1=" " ind2=" ">
    <subfield code="a">Inmunolog&#xED;a</subfield>
  </datafield>
  <datafield tag="653" ind1=" " ind2=" ">
    <subfield code="a">Reacciones ant&#xED;geno-anticuerpo eritrocitarias y su detecci&#xF3;n</subfield>
  </datafield>
  <datafield tag="653" ind1=" " ind2=" ">
    <subfield code="a">Grupos sangu&#xED;neos ABO, H y Lewis y ant&#xED;genos relacionados estructuralmente</subfield>
  </datafield>
  <datafield tag="653" ind1=" " ind2=" ">
    <subfield code="a">Sistema RH</subfield>
  </datafield>
  <datafield tag="653" ind1=" " ind2=" ">
    <subfield code="a">Otros grupos sangu&#xED;neos</subfield>
  </datafield>
  <datafield tag="653" ind1=" " ind2=" ">
    <subfield code="a">Sistema HLA</subfield>
  </datafield>
  <datafield tag="653" ind1=" " ind2=" ">
    <subfield code="a">Pruebas pretransfusionales</subfield>
  </datafield>
  <datafield tag="653" ind1=" " ind2=" ">
    <subfield code="a">Identificaci&#xF3;n de aloanticuerpos contra ant&#xED;genos eritrocitarios</subfield>
  </datafield>
  <datafield tag="653" ind1=" " ind2=" ">
    <subfield code="a">PAD positiva y destrucci&#xF3;n ertrocitaria mediada por la inmunidad</subfield>
  </datafield>
  <datafield tag="653" ind1=" " ind2=" ">
    <subfield code="a">Pr&#xE1;ctica en la transfusi&#xF3;n de sangre</subfield>
  </datafield>
  <datafield tag="653" ind1=" " ind2=" ">
    <subfield code="a">Administraci&#xF3;n de sangre y componentes</subfield>
  </datafield>
  <datafield tag="653" ind1=" " ind2=" ">
    <subfield code="a">Pr&#xE1;ctica transfusional obst&#xE9;trica y perinatal</subfield>
  </datafield>
  <datafield tag="653" ind1=" " ind2=" ">
    <subfield code="a">Pr&#xE1;cticas transfusionales neonatales y pedi&#xE1;tricas</subfield>
  </datafield>
  <datafield tag="653" ind1=" " ind2=" ">
    <subfield code="a">C&#xE9;lulas tronco (stem cells) y progenitorias hematopoy&#xE9;ticas</subfield>
  </datafield>
  <datafield tag="653" ind1=" " ind2=" ">
    <subfield code="a">Banco de tejidos y transplante de &#xF3;rganos</subfield>
  </datafield>
  <datafield tag="653" ind1=" " ind2=" ">
    <subfield code="a">Complicaciones no infecciosas de la transfusi&#xF3;n de sangre</subfield>
  </datafield>
  <datafield tag="653" ind1=" " ind2=" ">
    <subfield code="a">Complicaciones infecciosas de la transfusi&#xF3;n de sangre</subfield>
  </datafield>
  <datafield tag="653" ind1=" " ind2=" ">
    <subfield code="a">M&#xE9;todos generales de laboratorio</subfield>
  </datafield>
  <datafield tag="653" ind1=" " ind2=" ">
    <subfield code="a">Tipificaci&#xF3;n de eritrocitos</subfield>
  </datafield>
  <datafield tag="653" ind1=" " ind2=" ">
    <subfield code="a">Detecci&#xF3;n de anticuerpos y pruebas de compatibilidad</subfield>
  </datafield>
  <datafield tag="653" ind1=" " ind2=" ">
    <subfield code="a">Titulaci&#xF3;n de anticuerpos, identificaci&#xF3;n de aloanticuerpos y archivo de donantes raros</subfield>
  </datafield>
  <datafield tag="653" ind1=" " ind2=" ">
    <subfield code="a">Eluci&#xF3;n</subfield>
  </datafield>
  <datafield tag="653" ind1=" " ind2=" ">
    <subfield code="a">Hem&#xF3;lisis inmune, anticuerpos y drogas</subfield>
  </datafield>
  <datafield tag="653" ind1=" " ind2=" ">
    <subfield code="a">Enfermedad hemol&#xED;tica del reci&#xE9;n nacido</subfield>
  </datafield>
  <datafield tag="653" ind1=" " ind2=" ">
    <subfield code="a">Pruebas de sangre de donantes</subfield>
  </datafield>
  <datafield tag="653" ind1=" " ind2=" ">
    <subfield code="a">Colecci&#xF3;n, almacenamiento y preparaci&#xF3;n de los componentes de la sangre</subfield>
  </datafield>
  <datafield tag="653" ind1=" " ind2=" ">
    <subfield code="a">Control de calidad</subfield>
  </datafield>
  <datafield tag="942" ind1=" " ind2=" ">
    <subfield code="2">ddc</subfield>
    <subfield code="c">BK</subfield>
  </datafield>
  <datafield tag="999" ind1=" " ind2=" ">
    <subfield code="c">2101</subfield>
    <subfield code="d">2101</subfield>
  </datafield>
  <datafield tag="952" ind1=" " ind2=" ">
    <subfield code="0">0</subfield>
    <subfield code="1">0</subfield>
    <subfield code="2">ddc</subfield>
    <subfield code="4">0</subfield>
    <subfield code="7">0</subfield>
    <subfield code="a">BFM</subfield>
    <subfield code="b">BFM</subfield>
    <subfield code="c">CR</subfield>
    <subfield code="d">2014-08-12</subfield>
    <subfield code="l">0</subfield>
    <subfield code="o">616.075 3 ASO</subfield>
    <subfield code="p">3329</subfield>
    <subfield code="r">2014-11-06</subfield>
    <subfield code="t">Ej.1</subfield>
    <subfield code="w">2014-08-12</subfield>
    <subfield code="y">BK</subfield>
    <subfield code="z">DONACI&#xD3;N AGOSTO 2014 Hemeroteca 2022</subfield>
    <subfield code="f"></subfield>
  </datafield>
</record>
